000 00579nam a22002297a 4500
003 UA-OsUOA
001 47149
007 ta
008 20070712b un ||||| |||| 00| 0 ukr d
100 _aИ.Е. Светлов
090 _a73(439)
_bИ11
942 _cBK
040 _aUA-OsUOA
_brus
_cUA-OsUOA
_dUA-OsUOA
245 _aСкульптура народной венгрии
300 _a133 с.
955 _a2
041 _arus
080 _a73(439)
260 _aМ.
_bНаука
_c1971
650 7 _a73 Пластичні мистецтва
_2UDC
999 _c333246
_d333246